[Event "Bialystok Zamenhof Memorial-C 35th"]
[Site "Bialystok"]
[Date "2017.12.27"]
[Round "1.28"]
[White "Ciszewski, Krzysztof"]
[Black "Filimoniuk, Marcin"]
[Result "1/2-1/2"]
[WhiteElo "1443"]
[BlackElo "1747"]
[PlyCount "115"]
[EventDate "2017.12.27"]
[EventType "swiss"]
[EventRounds "9"]
[EventCountry "POL"]
[SourceTitle "EXT 2023"]
[Source "ChessBase"]
[SourceDate "2022.10.05"]
[SourceVersion "1"]
[SourceVersionDate "2022.10.05"]
[SourceQuality "1"]

1. e4 c6 2. Nf3 d5 3. Nc3 dxe4 4. Nxe4 Nf6 5. Ng3 Bg4 6. Be2 e6 7. 0-0 Bd6 8. d4 Qc7 9. c3 Nbd7 10. Be3 0-0 11. Nd2 Bxe2 12. Qxe2 Rfe8 13. Nc4 Rad8 14. Nxd6 Qxd6 15. Rad1 Qd5 16. Qc2 Nf8 17. c4 Qa5 18. Bd2 Qc7 19. Bg5 Rc8 20. Bxf6 gxf6 21. Ne4 Qe7 22. c5 Red8 23. Nd6 Rc7 24. Rfe1 Ng6 25. Qc3 Qf8 26. Qg3 Rcd7 27. a4 Qh6 28. b4 Kh8 29. Qe3 Qg7 30. Qg3 Rg8 31. Rd3 f5 32. f3 Nf4 33. Qxg7+ Rxg7 34. Rd2 h5 35. Rb1 Nd5 36. b5 f4 37. bxc6 bxc6 38. Rb8+ Kh7 39. Rc8 Rc7 40. Rxc7 Nxc7 41. Nc8 Rg8 42. Ne7 Rb8 43. Nxc6 Rb3 44. Nxa7 Ra3 45. Nb5 Ra1+ 46. Kf2 Nd5 47. Nd6 Kg6 48. g3 Rxa4 49. gxf4 Nxf4 50. c6 Nd5 51. Rc2 Nc7 52. Nc4 Kf6 53. Ke3 Rb4 54. Ne5 Ke7 55. Rg2 Nd5+ 56. Kf2 Rxd4 57. c7 Rd2+ 58. Kg1 1/2-1/2

[Event "Bialystok Zamenhof Memorial"]
[Site "Bialystok"]
[Date "2013.12.29"]
[Round "7"]
[White "Filimoniuk, Marcin"]
[Black "Burakowska, Gabriela"]
[Result "1/2-1/2"]
[WhiteElo "1766"]
[BlackElo "1740"]
[PlyCount "76"]
[EventDate "2013.12.27"]
[EventType "swiss"]
[EventRounds "9"]
[EventCountry "POL"]
[SourceTitle "EXT 2016"]
[Source "ChessBase"]
[SourceDate "2015.10.08"]
[SourceVersion "1"]
[SourceVersionDate "2015.10.08"]
[SourceQuality "1"]

1. d4 Nf6 2. g3 d5 3. Bg2 Bf5 4. Nf3 e6 5. 0-0 Be7 6. c4 c6 7. Qb3 Qc8 8. Nc3 Ne4 9. Nd2 Nxd2 10. Bxd2 Bf6 11. Rac1 0-0 12. cxd5 Bxd4 13. Nb5 Bb6 14. Nd6 Qd7 15. Nxf5 exf5 16. Bf4 c5 17. Qf3 Na6 18. d6 Rab8 19. a3 Bd8 20. h4 Bf6 21. Rc2 b5 22. Rfc1 c4 23. Qd5 Rfc8 24. Be3 Re8 25. Qc6 Qxc6 26. Bxc6 Rec8 27. Bd7 Rd8 28. Bxf5 Rxd6 29. Bf4 Rbd8 30. Bxd6 Rxd6 31. e3 Nc5 32. Re2 Nb3 33. Rcc2 g6 34. Be4 Nc5 35. Bf3 Rd1+ 36. Kg2 Nd3 37. Bc6 a6 38. Bb7 Ne1+ 1/2-1/2

[Event "Bialystok Zamenhof Memorial"]
[Site "Bialystok"]
[Date "2013.12.29"]
[Round "8"]
[White "Pytel, Maciej"]
[Black "Filimoniuk, Marcin"]
[Result "1-0"]
[WhiteElo "1604"]
[BlackElo "1766"]
[PlyCount "73"]
[EventDate "2013.12.27"]
[EventType "swiss"]
[EventRounds "9"]
[EventCountry "POL"]
[SourceTitle "EXT 2016"]
[Source "ChessBase"]
[SourceDate "2015.10.08"]
[SourceVersion "1"]
[SourceVersionDate "2015.10.08"]
[SourceQuality "1"]

1. e4 c6 2. d4 d5 3. e5 Bf5 4. h4 h5 5. c4 e6 6. Nc3 Nd7 7. cxd5 exd5 8. Bd3 Be6 9. Nge2 Bb4 10. Nf4 Qe7 11. Nxe6 Qxe6 12. Qb3 Ba5 13. Qxb7 Rb8 14. Qxa7 Bb6 15. Qa4 Qg4 16. Be3 Ne7 17. Be2 Qe6 18. 0-0-0 Nf5 19. Qc2 0-0 20. Bxh5 Nxe3 21. fxe3 Qh6 22. Qe2 Ba5 23. Na4 Rb4 24. b3 Rfb8 25. Rhf1 f6 26. e6 Qh7 27. e7 g6 28. Qg4 Qxe7 29. Qxg6+ Kh8 30. Qh6+ Kg8 31. Rf3 Bc7 32. Nc5 Nxc5 33. Rxf6 Nxb3+ 34. axb3 Rc4+ 35. Kd2 Qb4+ 36. Ke2 Rc2+ 37. Kf3 1-0

[Event "Bialystok Zamenhof Memorial"]
[Site "Bialystok"]
[Date "2013.12.27"]
[Round "1"]
[White "Filimoniuk, Marcin"]
[Black "Kaminski, Maciej"]
[Result "1-0"]
[WhiteElo "1766"]
[BlackElo "1425"]
[PlyCount "49"]
[EventDate "2013.12.27"]
[EventType "swiss"]
[EventRounds "9"]
[EventCountry "POL"]
[SourceTitle "EXT 2016"]
[Source "ChessBase"]
[SourceDate "2015.10.08"]
[SourceVersion "1"]
[SourceVersionDate "2015.10.08"]
[SourceQuality "1"]

1. d4 Nf6 2. g3 d5 3. Bg2 Bf5 4. Nf3 e6 5. 0-0 c5 6. c3 Nc6 7. Qb3 b6 8. Qa4 Qd7 9. Nbd2 Bd6 10. dxc5 bxc5 11. Nh4 Bg6 12. Nxg6 hxg6 13. e4 Ne5 14. Qxd7+ Nexd7 15. exd5 exd5 16. Re1+ Kd8 17. Nc4 Kc7 18. Nxd6 Kxd6 19. Bf4+ Kc6 20. Re7 Rhf8 21. c4 Rae8 22. Rae1 Rxe7 23. Rxe7 a6 24. Bxd5+ Kb6 25. Bxf7 1-0

[Event "EU-ch rapid"]
[Site "Warsaw"]
[Date "2013.12.14"]
[Round "1"]
[White "Filimoniuk, Marcin"]
[Black "Petrosian, Tigran L"]
[Result "0-1"]
[WhiteElo "1766"]
[BlackElo "2648"]
[PlyCount "86"]
[EventDate "2013.12.14"]
[EventType "swiss (rapid)"]
[EventRounds "11"]
[EventCountry "POL"]
[SourceTitle "CBM 157 Extra"]
[Source "ChessBase"]
[SourceDate "2013.12.19"]
[SourceVersion "1"]
[SourceVersionDate "2013.12.19"]
[SourceQuality "1"]

1. d4 d5 2. Nf3 c6 3. g3 Nf6 4. Bg2 g6 5. 0-0 Bg7 6. c4 0-0 7. cxd5 cxd5 8. Nc3 Nc6 9. Qb3 Ne4 10. Rd1 Na5 11. Qxd5 Nxc3 12. Qxd8 Nxe2+ 13. Kf1 Nxg3+ 14. hxg3 Rxd8 15. Bf4 Nc6 16. d5 Nb4 17. Ne5 g5 18. Bxg5 Kf8 19. Nc4 Bf5 20. Ne3 Bg6 21. a3 Nd3 22. d6 Rxd6 23. Nc4 Rd4 24. Na5 Nxb2 25. Rxd4 Bxd4 26. Rc1 Bb6 27. Nxb7 Nd3 28. Rc3 Rb8 29. Be3 Bxe3 30. fxe3 Ne5 31. Rc7 Nc4 32. Kf2 Nxa3 33. Rc3 Nb5 34. Rc1 Kg7 35. Ra1 Rc8 36. Ra2 Rc3 37. Bf1 Na3 38. Rd2 Rc2 39. Rxc2 Nxc2 40. Ba6 Nb4 41. Bb5 Bd3 42. Ba4 Ba6 43. Nc5 Nd3+ 0-1

[Event "Bialystok Autumn op"]
[Site "Bialystok"]
[Date "2012.11.04"]
[Round "6.4"]
[White "Burakowska, Gabriela"]
[Black "Filimoniuk, Marcin"]
[Result "1-0"]
[WhiteElo "1638"]
[BlackElo "1781"]
[PlyCount "71"]
[EventDate "2012.11.02"]
[EventType "swiss"]
[EventRounds "9"]
[EventCountry "POL"]
[SourceTitle "EXT 2023"]
[Source "ChessBase"]
[SourceDate "2022.10.05"]
[SourceVersion "1"]
[SourceVersionDate "2022.10.05"]
[SourceQuality "1"]

1. e4 e6 2. d4 d5 3. exd5 exd5 4. Nf3 Nf6 5. Bd3 Bd6 6. 0-0 0-0 7. Bg5 Bg4 8. Nbd2 Nbd7 9. c3 c6 10. Qc2 Qc7 11. Rfe1 Rae8 12. Bf5 Bxf5 13. Qxf5 g6 14. Qc2 Bf4 15. Bxf4 Qxf4 16. g3 Qd6 17. Kg2 Rxe1 18. Rxe1 Re8 19. Rxe8+ Nxe8 20. Qa4 a6 21. Qb3 b5 22. a4 Nb6 23. axb5 cxb5 24. Qd1 Nc4 25. Nxc4 dxc4 26. Qe2 Nc7 27. Qe5 Qxe5 28. Nxe5 f6 29. Nd7 Kf7 30. Kf3 Ke7 31. Nc5 f5 32. Kf4 Ne6+ 33. Ke5 Nxc5 34. dxc5 Kd7 35. Kd5 Kc7 36. c6 1-0

[Event "Bialystok Autumn op"]
[Site "Bialystok"]
[Date "2012.11.02"]
[Round "2.4"]
[White "Szostko, Jakub"]
[Black "Filimoniuk, Marcin"]
[Result "1/2-1/2"]
[WhiteElo "1800"]
[BlackElo "1781"]
[PlyCount "63"]
[EventDate "2012.11.02"]
[EventType "swiss"]
[EventRounds "9"]
[EventCountry "POL"]
[SourceTitle "EXT 2023"]
[Source "ChessBase"]
[SourceDate "2022.10.05"]
[SourceVersion "1"]
[SourceVersionDate "2022.10.05"]
[SourceQuality "1"]

1. e4 c6 2. Nf3 d5 3. Nc3 Bg4 4. d4 Nf6 5. e5 Ne4 6. Bd3 Qa5 7. Bd2 Nxd2 8. Qxd2 Bxf3 9. gxf3 Qb6 10. Be2 e6 11. Na4 Qb4 12. Qxb4 Bxb4+ 13. c3 Be7 14. b3 Nd7 15. Rg1 Nf8 16. Bd3 Ng6 17. Ke2 Nf4+ 18. Ke3 Nh3 19. Rg4 g5 20. Nb2 h5 21. Rg3 Nf4 22. Bc2 h4 23. Rg4 f5 24. exf6 Bxf6 25. Nd3 Nxd3 26. Kxd3 Ke7 27. Rag1 c5 28. f4 gxf4 29. Rxf4 Rh6 30. Rfg4 cxd4 31. cxd4 Rc8 32. Rg8 1/2-1/2

[Event "Bialystok Zamenhof Memorial"]
[Site "Bialystok"]
[Date "2012.??.??"]
[Round "5"]
[White "Cylwik, Zbigniew"]
[Black "Filimoniuk, Marcin"]
[Result "1/2-1/2"]
[WhiteElo "2010"]
[BlackElo "1752"]
[PlyCount "110"]
[EventDate "2012.12.27"]
[EventType "swiss"]
[EventRounds "9"]
[EventCountry "POL"]
[SourceTitle "CBM 152 Extra"]
[Source "ChessBase"]
[SourceDate "2013.02.25"]
[SourceVersion "1"]
[SourceVersionDate "2013.02.25"]
[SourceQuality "1"]

1. Nf3 d5 2. d4 Nf6 3. Bf4 c6 4. e3 Bf5 5. Be2 Qa5+ 6. c3 Nbd7 7. 0-0 Bxb1 8. Qxb1 e6 9. a3 Be7 10. h3 0-0 11. b4 Qb6 12. c4 Ne4 13. c5 Qd8 14. b5 e5 15. bxc6 bxc6 16. Bxe5 Nxe5 17. Nxe5 Qc7 18. Nf3 Rfb8 19. Qc2 Ng5 20. Ne5 f6 21. Nd3 a5 22. Rab1 Bd8 23. Rxb8 Rxb8 24. Rb1 Rb7 25. Rxb7 Qxb7 26. Qb2 Qa7 27. Qb3 Bc7 28. Nb2 g6 29. Na4 Kg7 30. Bf1 Ne4 31. Qd3 Qb8 32. Be2 f5 33. Bf3 Bh2+ 34. Kf1 f4 35. Bxe4 dxe4 36. Qxe4 Qb5+ 37. Ke1 Qxa4 38. exf4 Qxa3 39. Qe5+ Kh6 40. g3 Bxg3 41. Qg5+ Kg7 42. fxg3 Qe3+ 43. Kf1 a4 44. Qd8 Qf3+ 45. Ke1 Qxg3+ 46. Ke2 Qg2+ 47. Kd1 Qf1+ 48. Kc2 Qc4+ 49. Kd2 Qa2+ 50. Ke3 Qe6+ 51. Kd2 Qa2+ 52. Kd3 Qb1+ 53. Kd2 Qb4+ 54. Kc1 Qc3+ 55. Kb1 Qb3+ 1/2-1/2

[Event "Bialystok Bieluczyk Memorial-B"]
[Site "Bialystok"]
[Date "2011.07.??"]
[Round "9"]
[White "Kozaczynska, Aleksandra"]
[Black "Filimoniuk, Marcin"]
[Result "0-1"]
[WhiteElo "1501"]
[BlackElo "1751"]
[PlyCount "98"]
[EventDate "2011.07.??"]
[EventType "swiss"]
[EventRounds "9"]
[EventCountry "POL"]
[SourceTitle "EXT 2014"]
[Source "ChessBase"]
[SourceDate "2013.11.20"]
[SourceVersion "1"]
[SourceVersionDate "2013.11.20"]
[SourceQuality "1"]

1. e4 Nc6 2. d4 d5 3. exd5 Qxd5 4. Nf3 e5 5. Nc3 Bb4 6. dxe5 Bxc3+ 7. bxc3 Qxd1+ 8. Kxd1 Bg4 9. Be2 0-0-0+ 10. Bd2 Bxf3 11. Bxf3 Nxe5 12. Be2 Nf6 13. f3 Nd5 14. Kc1 Rhe8 15. Kb2 Nb6 16. Rad1 Nbc4+ 17. Bxc4 Nxc4+ 18. Kc1 Re2 19. Bg5 Rxd1+ 20. Rxd1 f6 21. Bf4 Rxg2 22. Rh1 Rf2 23. Rg1 g5 24. Bg3 Rxf3 25. Re1 Kd7 26. Rd1+ Kc6 27. Re1 h5 28. Re7 Rf1+ 29. Be1 Kd6 30. Re2 f5 31. Kd1 f4 32. Re4 Ne3+ 33. Ke2 Rh1 34. Rd4+ Ke5 35. Rd2 Rxh2+ 36. Kd3 Rxd2+ 37. Bxd2 c5 38. Bxe3 fxe3 39. Kxe3 c4 40. Kf3 g4+ 41. Kg3 Ke4 42. Kf2 h4 43. Kg2 Ke3 44. Kf1 Kf3 45. Kg1 g3 46. Kh1 g2+ 47. Kg1 Kg3 48. a4 h3 49. a5 h2# 0-1

[Event "Bialystok qual-B"]
[Site "Bialystok"]
[Date "2011.05.??"]
[Round "4"]
[White "Bartoszewski, Marcin"]
[Black "Filimoniuk, Marcin"]
[Result "1/2-1/2"]
[WhiteElo "2144"]
[BlackElo "1751"]
[PlyCount "100"]
[EventDate "2011.05.??"]
[EventType "swiss"]
[EventRounds "9"]
[EventCountry "POL"]
[SourceTitle "EXT 2014"]
[Source "ChessBase"]
[SourceDate "2013.11.20"]
[SourceVersion "1"]
[SourceVersionDate "2013.11.20"]
[SourceQuality "1"]

1. e4 e6 2. d4 d5 3. Nc3 dxe4 4. Nxe4 Nd7 5. g3 Ngf6 6. Bg2 Be7 7. Ne2 Nxe4 8. Bxe4 e5 9. 0-0 Nf6 10. Bg2 exd4 11. Nxd4 0-0 12. c3 c5 13. Nb3 Qb6 14. Re1 Be6 15. Qc2 Rfe8 16. Nd2 Rad8 17. b3 g6 18. Nc4 Bxc4 19. bxc4 Qc7 20. Bf4 Bd6 21. Bg5 Rxe1+ 22. Rxe1 Kg7 23. Qc1 Rb8 24. Bxf6+ Kxf6 25. Qh6 Rh8 26. Bd5 Bf8 27. Qh3 Kg7 28. Re3 Bd6 29. Rf3 Rf8 30. Re3 h5 31. f4 Rh8 32. f5 Rf8 33. Qh4 Qd8 34. Qxd8 Rxd8 35. fxg6 Kxg6 36. Bxb7 Rd7 37. Rd3 Rd8 38. Be4+ f5 39. Bf3 h4 40. Rd5 hxg3 41. hxg3 Kf6 42. Kf2 Bc7 43. g4 fxg4 44. Bxg4 Ba5 45. Rf5+ Kg6 46. Ke2 Bxc3 47. Rxc5 Rd2+ 48. Ke3 Bd4+ 49. Kxd2 Bxc5 50. Kd3 Kg5 1/2-1/2

[Event "Bialystok qual-B"]
[Site "Bialystok"]
[Date "2011.05.??"]
[Round "2"]
[White "Zochowski, Kacper"]
[Black "Filimoniuk, Marcin"]
[Result "1-0"]
[WhiteElo "2001"]
[BlackElo "1751"]
[PlyCount "101"]
[EventDate "2011.05.??"]
[EventType "swiss"]
[EventRounds "9"]
[EventCountry "POL"]
[SourceTitle "EXT 2014"]
[Source "ChessBase"]
[SourceDate "2013.11.20"]
[SourceVersion "1"]
[SourceVersionDate "2013.11.20"]
[SourceQuality "1"]

1. e4 e6 2. d4 d5 3. Nc3 dxe4 4. Nxe4 Nd7 5. Nf3 Ngf6 6. Bd3 Be7 7. 0-0 b6 8. Nxf6+ Bxf6 9. Be4 Rb8 10. Qd3 Bb7 11. Bf4 Bxe4 12. Qxe4 0-0 13. Rad1 Qc8 14. Qc6 Rb7 15. Ne5 Nb8 16. Qe4 c5 17. Rd3 Rd8 18. Rh3 g6 19. Ng4 Bg7 20. Nh6+ Kf8 21. dxc5 Rd4 22. Bd6+ Ke8 23. Qe3 f5 24. Qg3 bxc5 25. Be5 Re4 26. Bxg7 Rxg7 27. Qc3 Qc7 28. f4 e5 29. fxe5 Qxe5 30. Qb3 Nd7 31. Qb7 Qb8 32. Qc6 Qb6 33. Qc8+ Qd8 34. Qc6 Qb6 35. Qc8+ Qd8 36. Qa6 Qb6 37. Qa3 c4+ 38. Kh1 Qc5 39. Qc3 Qe5 40. Qb4 Qc5 41. Qb7 Qb6 42. Qa8+ Qb8 43. Qc6 Qb6 44. Qc8+ Qd8 45. Qc6 Qb6 46. Qd5 Qxb2 47. Rg3 Qe5 48. Qa8+ Nb8 49. Nxf5 Rf7 50. Nd6+ Qxd6 51. Qxe4+ 1-0

[Event "Bialystok Zamenhof Memorial-B"]
[Site "Bialystok"]
[Date "2010.12.??"]
[Round "7"]
[White "Filimoniuk, Marcin"]
[Black "Milewski, Karol"]
[Result "1-0"]
[WhiteElo "1779"]
[BlackElo "1698"]
[PlyCount "71"]
[EventDate "2010.12.27"]
[EventType "swiss"]
[EventRounds "9"]
[EventCountry "POL"]
[SourceTitle "EXT 2014"]
[Source "ChessBase"]
[SourceDate "2013.11.20"]
[SourceVersion "1"]
[SourceVersionDate "2013.11.20"]
[SourceQuality "1"]

1. Nf3 d5 2. d4 Nf6 3. c4 e6 4. Nc3 c6 5. Qb3 Bd6 6. g3 Nbd7 7. Bg2 0-0 8. 0-0 Re8 9. Re1 dxc4 10. Qxc4 e5 11. dxe5 Nxe5 12. Nxe5 Bxe5 13. e4 Be6 14. Qe2 Qc7 15. h3 Bd4 16. Be3 Bb6 17. Rad1 Rad8 18. f4 h6 19. e5 Nd5 20. Nxd5 Bxd5 21. Bxd5 Rxd5 22. Rxd5 cxd5 23. Qf2 Re6 24. Bxb6 Rxb6 25. f5 Ra6 26. e6 fxe6 27. fxe6 Qe7 28. Qf5 Rxa2 29. Rc1 Qe8 30. e7 g6 31. Qxd5+ Kg7 32. Qxa2 Qxe7 33. Qxa7 Qe4 34. Rc7+ Kf6 35. Qb6+ Ke5 36. Re7+ 1-0

[Event "Bialystok Zamenhof Memorial-B"]
[Site "Bialystok"]
[Date "2010.12.??"]
[Round "3"]
[White "Murawko, Katarzyna"]
[Black "Filimoniuk, Marcin"]
[Result "1-0"]
[WhiteElo "1767"]
[BlackElo "1779"]
[PlyCount "121"]
[EventDate "2010.12.27"]
[EventType "swiss"]
[EventRounds "9"]
[EventCountry "POL"]
[SourceTitle "EXT 2014"]
[Source "ChessBase"]
[SourceDate "2013.11.20"]
[SourceVersion "1"]
[SourceVersionDate "2013.11.20"]
[SourceQuality "1"]

1. e4 Nc6 2. d4 d5 3. e5 Bf5 4. a3 e6 5. Nf3 h6 6. Be3 f6 7. Nh4 Qd7 8. Nxf5 exf5 9. f4 g6 10. Nc3 Nd8 11. Qf3 c6 12. 0-0-0 Ne6 13. g4 fxg4 14. Qxg4 Qf7 15. Bh3 f5 16. Qg2 Ne7 17. Rhg1 Rg8 18. Qd2 0-0-0 19. Ne2 Kb8 20. Kb1 Nc8 21. Bf1 Be7 22. Qe1 g5 23. Qf2 g4 24. Ng3 Bh4 25. Bd3 Ng7 26. Qe2 Ne7 27. Qd2 Bxg3 28. hxg3 Ng6 29. Qb4 h5 30. Rh1 Rh8 31. Qe1 Qe7 32. c4 h4 33. cxd5 cxd5 34. gxh4 Rxh4 35. Qa5 g3 36. Bd2 b6 37. Qb5 g2 38. Rxh4 Nxh4 39. Bb4 Qb7 40. Bd2 Nf3 41. Be3 Qf7 42. Qc6 Ne6 43. Qc2 Rg8 44. Bg1 Nxg1 45. Rxg1 Nxf4 46. Bxf5 Qh5 47. Rc1 Qf7 48. e6 Qe7 49. Qf2 Ne2 50. Qxe2 g1Q 51. Qe5+ Kb7 52. Qxd5+ Kb8 53. Qe5+ Kb7 54. Be4+ Ka6 55. Rxg1 Rxg1+ 56. Ka2 Rg5 57. Bf5 Kb7 58. d5 Qc7 59. Qxc7+ Kxc7 60. e7 Rg8 61. Bg6 1-0

[Event "Bialystok Zamenhof Memorial-B"]
[Site "Bialystok"]
[Date "2010.12.??"]
[Round "1"]
[White "Szostko, Jakub"]
[Black "Filimoniuk, Marcin"]
[Result "1/2-1/2"]
[WhiteElo "1478"]
[BlackElo "1779"]
[PlyCount "55"]
[EventDate "2010.12.27"]
[EventType "swiss"]
[EventRounds "9"]
[EventCountry "POL"]
[SourceTitle "EXT 2014"]
[Source "ChessBase"]
[SourceDate "2013.11.20"]
[SourceVersion "1"]
[SourceVersionDate "2013.11.20"]
[SourceQuality "1"]

1. e4 e6 2. d4 d5 3. Nc3 dxe4 4. Nxe4 Nd7 5. Bd3 Ngf6 6. Nf3 Be7 7. 0-0 0-0 8. c3 c5 9. Qc2 Nxe4 10. Bxe4 Nf6 11. Bd3 b6 12. Rd1 Qc7 13. Be3 Bd7 14. Ne5 Rad8 15. f4 cxd4 16. cxd4 Qxc2 17. Bxc2 Rc8 18. Rac1 Nd5 19. Bd2 Rc7 20. Bb3 Rfc8 21. Rxc7 Rxc7 22. Rc1 Rxc1+ 23. Bxc1 f6 24. Ng4 Kf8 25. g3 Bd6 26. a3 Ke7 27. Kf2 Nc7 28. Bc2 1/2-1/2